| 000 | 00369nam a2200121Ia 4500 | ||
|---|---|---|---|
| 008 | 190216s9999||||xx |||||||||||||| ||und|| | ||
| 100 | _aGaur Mb & Dhillion R | ||
| 245 | 2 | _aA Hand Book Of Test Of Reasoning With Comprehensive Section On Logical Reasoning | |
| 260 | _bDhillon Group Of Pubn New Delhi | ||
| 300 | _a216p | ||
| 650 | _aBank Competitions | ||
| 942 | _cREF | ||
| 999 |
_c35576 _d35576 |
||